000 00705nam a2200157 a 4500
008 120416s1976 ||||||||||||||||| || u
050 _aUA 11 Bra
100 _aBrauers, Wim K.M
245 1 0 _aSystems analysis, planning and decision models
246 _awith special reference to national defence
260 _aAmsterdam
_bElsevier Pub
_c1976
300 _ax, 167p. : ill
350 _a0.00
995 _aANNEX COLLECTION (Main Library)
_D0.00
_e705589
_FCBU-MAIN LIBRARY (Kitwe)
_H2
_I0.00
_jUA 11 Bra
_M2
_UAVAILABLE
_y017911
_ZAnnex Low-Usage Collection
995 _aANNEX COLLECTION (Main Library)
_D0.00
_e705588
_FCBU-MAIN LIBRARY (Kitwe)
_H1
_I0.00
_jUA 11 Bra
_M1
_UAVAILABLE
_y017912
_ZAnnex Low-Usage Collection
999 _c80890
_d80890